2025 NHL Entry Draft 1st Round Selections - Statistics

General Stats
  • This quiz has been taken 166 times
  • The average score is 17 of 32
Answer Stats
# Player Junior Team NHL Team % Correct
2 Michael Misa Saginaw Spirit SJ Sharks
95%
1 Matthew Schaefer Erie Otters New York Islanders
89%
3 Anton Frondell Djurgardens IF Chicago Blackhawks
82%
7 James Hagens Boston College Boston Bruins
82%
4 Caleb Desnoyers Moncton Wildcats Utah Mammoth
76%
5 Brady Martin Soo Greyhounds Nashville Predators
74%
6 Porter Martone Brampton Steelheads Philadelphia Flyers
72%
16 Victor Eklund Djurgardens IF New York Islanders
68%
10 Roger McQueen Brandon Wheat Kings Anaheim Ducks
66%
11 Benjamin Kindel Calgary Hitmen Pittsburgh Penguins
61%
17 Kashawn Aitcheson Barrie Colts New York Islanders
60%
9 Radim Mrtka Seattle Thunderbirds Buffalo Sabres
56%
22 Bill Zonnon Rouyn-Noranda Huskies Pittsburgh Penguins
54%
8 Jake O'Brien Brantford Bulldogs Seattle Kraken
54%
14 Jackson Smith Tri-City Americans Columbus Blue Jackets
53%
19 Justin Carbonneau Blainville-Boisbriand Armada St Louis Blues
52%
15 Braeden Cootes Seattle Thunderbirds Vancouver Canucks
50%
13 Carter Bear Everett Silvertips Detroit Red Wings
49%
30 Joshua Ravensbergen Prince George Cougars SJ Sharks
49%
23 Logan Hensler Univ of Wisconsin Ottawa Senators
42%
12 Jack Nesbitt Windsor Spitfires Philadelphia Flyers
41%
32 Cullen Potter Arizona State Univ Calgary Flames
39%
29 Mason West Edina High School Chicago Blackhawks
38%
21 Cameron Reid Kitchener Rangers Nashville Predators
37%
18 Cole Reschny Victoria Royals Calgary Flames
37%
24 William Horcoff Univ of Michigan Pittsburgh Penguins
35%
27 Lynden Lakovic Moose Jaw Warriors Washington Capitals
34%
28 Sascha Boumedienne Boston Univ Winnipeg Jets
34%
20 Pyotr Andreyanov Krasnaya Armiya Moskva Columbus Blue Jackets
24%
26 Ryker Lee Madison Capitals Nashville Predators
21%
25 Vaclav Nestrasil Muskegon Lumberjacks Chicago Blackhawks
20%
31 Henry Brzustewicz London Knights LA Kings
17%
No matching quizzes found
Score Distribution
Percent of People with Each Score
Percentile by Number Answered
Your Score History
You have not taken this quiz